| 000 | 00402nam a22001697a 4500 | ||
|---|---|---|---|
| 005 | 20160627092220.0 | ||
| 008 | 160627b xxu||||| |||| 00| 0 eng d | ||
| 020 | _a81-7188-355-9 | ||
| 041 | _aeng | ||
| 082 | _b10325 | ||
| 100 |
_aDebroy, Bibek and Shyam Babu D _92834 |
||
| 245 | _aIndia Mosaic | ||
| 260 |
_bAcademic Foundation _c2005 |
||
| 300 | _a285 | ||
| 650 |
_aManagement _9241 |
||
| 942 | _cBK | ||
| 999 |
_c4098 _d4097 |
||